<?xml version="1.0" encoding="UTF-8"?>
<record
    xmlns:xsi="http://www.w3.org/2001/XMLSchema-instance"
    xsi:schemaLocation="http://www.loc.gov/MARC21/slim http://www.loc.gov/standards/marcxml/schema/MARC21slim.xsd"
    xmlns="http://www.loc.gov/MARC21/slim">

  <leader>01646    a2200253   4500</leader>
  <controlfield tag="001">45823</controlfield>
  <controlfield tag="005">20260407155730.0</controlfield>
  <controlfield tag="008">260407a2006    arg                 spa d</controlfield>
  <controlfield tag="003">AR-UNSa-BCEJYS</controlfield>
  <datafield tag="040" ind1=" " ind2=" ">
    <subfield code="a">AR-UNSa-BCEJYS</subfield>
    <subfield code="b">spa</subfield>
    <subfield code="c">AR-UNSa-BCEJYS</subfield>
  </datafield>
  <datafield tag="080" ind1=" " ind2=" ">
    <subfield code="a">331.5(82)</subfield>
    <subfield code="x">Mercado de Trabajo. Empleo en Argentina</subfield>
  </datafield>
  <datafield tag="245" ind1="1" ind2="0">
    <subfield code="a">Instituciones laborales y pol&#xED;ticas activas de promoci&#xF3;n del empleo en la Argentina</subfield>
    <subfield code="p">Una investigaci&#xF3;n de FIEL en cooperaci&#xF3;n con la fundaci&#xF3;n Konrad Adenauer</subfield>
  </datafield>
  <datafield tag="020" ind1=" " ind2=" ">
    <subfield code="a">978-987-9329-23-8</subfield>
  </datafield>
  <datafield tag="264" ind1=" " ind2="1">
    <subfield code="a">Buenos Aires :</subfield>
    <subfield code="b">FIEL (Fundaci&#xF3;n de Investigaciones Econ&#xF3;micas Latinoamericanas)</subfield>
    <subfield code="c">2006</subfield>
  </datafield>
  <datafield tag="300" ind1=" " ind2=" ">
    <subfield code="a">184 p.</subfield>
    <subfield code="c">23 cm.</subfield>
  </datafield>
  <datafield tag="505" ind1=" " ind2=" ">
    <subfield code="a">Parte I: El mercado de trabajo en la Argentina. Instituciones y desempe&#xF1;o: 1. Evoluci&#xF3;n reciente del mercado laboral argentino &#x2013; 2. Las instituciones laborales en la Argentina y la experiencia comparada &#x2013; 3. Organizaci&#xF3;n institucional y desempe&#xF1;o de los mercados de trabajo &#xBF;A qui&#xE9;n protege la regulaci&#xF3;n? &#x2013; Parte II: Las pol&#xED;ticas de empleo: 4. Las pol&#xED;ticas de promoci&#xF3;n del empleo en la experiencia internacional &#x2013; 5.  Evaluaci&#xF3;n de las pol&#xED;ticas activas de empleo &#x2013; 6. Historias recientes de los programas de empleo en la Argentina &#x2013; 7. Situaci&#xF3;n actual de las pol&#xED;ticas de empleo en la Argentina &#x2013; Parte III: Conclusiones y recomendaciones generales - </subfield>
  </datafield>
  <datafield tag="041" ind1=" " ind2=" ">
    <subfield code="a">spa</subfield>
  </datafield>
  <datafield tag="942" ind1=" " ind2=" ">
    <subfield code="c">BK</subfield>
  </datafield>
  <datafield tag="590" ind1=" " ind2=" ">
    <subfield code="a">niveau_biblio:m niveau_hierar:0</subfield>
  </datafield>
  <datafield tag="100" ind1="1" ind2=" ">
    <subfield code="a">Bour, Juan Luis</subfield>
  </datafield>
  <datafield tag="700" ind1="1" ind2=" ">
    <subfield code="a">Auguste, Sebasti&#xE1;n</subfield>
  </datafield>
  <datafield tag="700" ind1="1" ind2=" ">
    <subfield code="a">Susmel, Nuria</subfield>
  </datafield>
  <datafield tag="856" ind1="4" ind2="1">
    <subfield code="u">https://www.biblioeco.unsa.edu.ar/pmb/images/libros/L127194.jpg</subfield>
    <subfield code="y">Imagen de portada</subfield>
    <subfield code="q">image/jpeg</subfield>
  </datafield>
  <datafield tag="999" ind1=" " ind2=" ">
    <subfield code="c">4012</subfield>
    <subfield code="d">4012</subfield>
  </datafield>
  <datafield tag="952" ind1=" " ind2=" ">
    <subfield code="0">0</subfield>
    <subfield code="1">0</subfield>
    <subfield code="4">0</subfield>
    <subfield code="7">0</subfield>
    <subfield code="a">BCEJYS</subfield>
    <subfield code="b">BCEJYS</subfield>
    <subfield code="c">16</subfield>
    <subfield code="d">2026-04-07</subfield>
    <subfield code="l">0</subfield>
    <subfield code="o">331.5(82) F981i</subfield>
    <subfield code="p">L127194</subfield>
    <subfield code="r">2026-04-07 15:57:30</subfield>
    <subfield code="w">2026-04-07</subfield>
    <subfield code="y">L</subfield>
  </datafield>
</record>
